| 000 | 00473nam a2200181Ia 4500 | ||
|---|---|---|---|
| 001 | 20628 | ||
| 005 | 20260306172819.0 | ||
| 008 | 260306t2015||||xx |||||||||||||| ||spa|| | ||
| 041 | _aESP | ||
| 082 |
_a343.4 _bG23 |
||
| 100 |
_aGarcía Merino, Fabiola _eAUT |
||
| 245 | 0 | _aTipos de hábeas corpus en la jurisprudencia del tribunal constitucional | |
| 260 | _c2015 | ||
| 300 |
_a207 páginas : _c24 cm. |
||
| 650 | _aGEN | ||
| 654 | _aCDE | ||
| 942 |
_cLIB _dJUS _fJUS _2ddc _n |
||
| 999 |
_c20628 _d20628 |
||